[Event "Goetzis IM III A"]
[Site "?"]
[Date "1996.??.??"]
[Round "7"]
[White "Zsinka, L."]
[Black "Eiler, G."]
[Result "1-0"]
[WhiteElo "2325"]
[BlackElo "2080"]
[PlyCount "77"]
[EventDate "1996.??.??"]

1. d4 Nf6 2. c4 g6 3. Nc3 Bg7 4. e4 d6 5. f3 O-O 6. Be3 e5 7. d5 c6 8. Qd2 cxd5
9. cxd5 Na6 10. Bd3 Nh5 11. Nge2 f5 12. O-O-O f4 13. Bf2 Nc5 14. Bc2 a5 15. Kb1
Bd7 16. a3 Qc7 17. Nc1 b5 18. b4 axb4 19. axb4 Na4 20. Nxa4 bxa4 21. Bd3 Qb7
22. Na2 Bf6 23. Rc1 Rfb8 24. Rc2 Bd8 25. Rhc1 Ng7 26. Ka1 Ne8 27. Qe2 Nc7 28.
Rc6 Ne8 29. Ba6 Rxa6 30. Qxa6 Bxc6 31. Qxc6 Kf7 32. Qxb7+ Rxb7 33. Rc6 h5 34.
Kb2 g5 35. Ka3 g4 36. Nc3 gxf3 37. gxf3 Kf8 38. b5 Ba5 39. Kxa4 1-0

[Event "Goetzis IM III A"]
[Site "?"]
[Date "1996.??.??"]
[Round "8"]
[White "Dorner, G."]
[Black "Donev, I."]
[Result "0-1"]
[WhiteElo "2180"]
[BlackElo "2400"]
[PlyCount "50"]
[EventDate "1996.??.??"]

1. e4 e5 2. Nc3 Nc6 3. Nf3 Nf6 4. g3 Bb4 5. d3 d5 6. exd5 Nxd5 7. Bd2 Bg4 8. h3
Bh5 9. Bg2 O-O 10. g4 Bxc3 11. bxc3 Bg6 12. O-O f5 13. c4 fxg4 14. Ng5 Nf4 15.
Bxf4 exf4 16. Bd5+ Kh8 17. Ne6 Qf6 18. hxg4 f3 19. Nxf8 Rxf8 20. Re1 Nd4 21.
Re3 Qf4 22. Qc1 Ne2+ 23. Rxe2 Qxg4+ 24. Kf1 fxe2+ 25. Ke1 Qg1+ 0-1

[Event "Goetzis IM III A"]
[Site "?"]
[Date "1996.??.??"]
[Round "8"]
[White "Eiler, G."]
[Black "Sonnberger, R."]
[Result "0-1"]
[WhiteElo "2080"]
[BlackElo "2230"]
[PlyCount "124"]
[EventDate "1996.??.??"]

1. e4 e5 2. Nf3 Nf6 3. Nxe5 d6 4. Nf3 Nxe4 5. Nc3 Nf6 6. d4 d5 7. Bd3 Bg4 8.
Bg5 Be7 9. O-O O-O 10. h3 Bh5 11. Re1 Nbd7 12. g4 Bg6 13. Ne5 Bxd3 14. Qxd3 Re8
15. Re2 Nf8 16. Rae1 c6 17. Qf5 Qb6 18. Bc1 Ne6 19. Nf3 Bb4 20. Bg5 Ne4 21.
Nxe4 dxe4 22. Nd2 Nxd4 23. Rxe4 Nxf5 24. Rxe8+ Rxe8 25. Rxe8+ Bf8 26. gxf5 f6
27. Be3 Qb5 28. Ne4 Kf7 29. Rb8 Be7 30. Ng3 Bd6 31. Rd8 Bxg3 32. fxg3 Qxf5 33.
Bxa7 Qxh3 34. Kf2 h5 35. b4 Qh2+ 36. Kf3 Qxc2 37. Rd7+ Kg6 38. Rxb7 Qxa2 39.
Bc5 Qd5+ 40. Kf2 Qf5+ 41. Kg2 Qe4+ 42. Kf2 h4 43. gxh4 Qxh4+ 44. Kf3 Qh3+ 45.
Kf2 Qf5+ 46. Kg2 Qg4+ 47. Kf2 Kf5 48. Bf8 g5 49. Bc5 Qf4+ 50. Ke2 g4 51. Rg7
Qf3+ 52. Ke1 Ke4 53. Re7+ Kd3 54. Rd7+ Kc3 55. Re7 Qh1+ 56. Kf2 f5 57. Re3+ Kc4
58. Kg3 Qh3+ 59. Kf4 Qf1+ 60. Kg5 Kd5 61. Re8 g3 62. Rf8 g2 0-1

[Event "Goetzis IM III A"]
[Site "?"]
[Date "1996.??.??"]
[Round "8"]
[White "Gaertner, G."]
[Black "Kelecevic, N."]
[Result "1/2-1/2"]
[WhiteElo "2380"]
[BlackElo "2475"]
[PlyCount "22"]
[EventDate "1996.??.??"]

1. d4 Nf6 2. c4 e6 3. Nc3 d5 4. cxd5 exd5 5. Bf4 Bd6 6. Bxd6 Qxd6 7. e3 Bf5 8.
Bd3 Bxd3 9. Qxd3 c6 10. Nf3 Nbd7 11. O-O O-O 1/2-1/2

[Event "Goetzis IM III A"]
[Site "?"]
[Date "1996.??.??"]
[Round "8"]
[White "Poettinger, H."]
[Black "Mittelberger, P."]
[Result "1-0"]
[WhiteElo "2255"]
[BlackElo "2265"]
[PlyCount "27"]
[EventDate "1996.??.??"]

1. e4 d6 2. d4 Nf6 3. Nc3 g6 4. Nge2 Bg7 5. g3 O-O 6. Bg2 Nbd7 7. h3 Rb8 8. a4
a6 9. Be3 c5 10. O-O b5 11. axb5 axb5 12. e5 dxe5 13. dxc5 Qc7 14. c6 1-0

[Event "Goetzis IM III A"]
[Site "?"]
[Date "1996.??.??"]
[Round "8"]
[White "Zsinka, L."]
[Black "Sulava, N."]
[Result "1/2-1/2"]
[WhiteElo "2325"]
[BlackElo "2430"]
[PlyCount "20"]
[EventDate "1996.??.??"]

1. d4 d5 2. c4 e6 3. Nc3 Nf6 4. cxd5 exd5 5. Bg5 c6 6. e3 Be7 7. Bd3 O-O 8. Nf3
Nbd7 9. O-O Re8 10. Qc2 Nf8 1/2-1/2

[Event "Goetzis IM III A"]
[Site "?"]
[Date "1996.??.??"]
[Round "9"]
[White "Donev, I."]
[Black "Gaertner, G."]
[Result "1/2-1/2"]
[WhiteElo "2400"]
[BlackElo "2380"]
[PlyCount "37"]
[EventDate "1996.??.??"]

1. e4 c5 2. Nc3 e6 3. g3 d5 4. d3 dxe4 5. dxe4 Qxd1+ 6. Nxd1 Nc6 7. Ne3 b6 8.
Bd2 Bb7 9. O-O-O O-O-O 10. Nh3 Be7 11. Bg2 h6 12. f4 Nf6 13. Nf2 g5 14. e5 gxf4
15. gxf4 Nh5 16. Neg4 Nd4 17. Bxb7+ Kxb7 18. Rhe1 Nf3 19. Re4 1/2-1/2

[Event "Goetzis IM III A"]
[Site "?"]
[Date "1996.??.??"]
[Round "9"]
[White "Kelecevic, N."]
[Black "Zsinka, L."]
[Result "1/2-1/2"]
[WhiteElo "2475"]
[BlackElo "2325"]
[PlyCount "21"]
[EventDate "1996.??.??"]

1. d4 Nf6 2. c4 e6 3. Nc3 Bb4 4. Qc2 O-O 5. a3 Bxc3+ 6. Qxc3 b6 7. Bg5 Bb7 8.
e3 h6 9. Bh4 d6 10. f3 Nbd7 11. Bd3 1/2-1/2

[Event "Goetzis IM III A"]
[Site "?"]
[Date "1996.??.??"]
[Round "9"]
[White "Sulava, N."]
[Black "Eiler, G."]
[Result "1/2-1/2"]
[WhiteElo "2430"]
[BlackElo "2080"]
[PlyCount "21"]
[EventDate "1996.??.??"]

1. d4 Nf6 2. c4 g6 3. Nc3 Bg7 4. e4 d6 5. Nf3 O-O 6. h3 e5 7. d5 Na6 8. Be3 Nh5
9. Nd2 Qe8 10. Nb3 f5 11. c5 1/2-1/2

[Event "Goetzis IM III B"]
[Site "?"]
[Date "1996.??.??"]
[Round "1"]
[White "Hardicsay, P."]
[Black "Stanojevic, S."]
[Result "1-0"]
[WhiteElo "2395"]
[BlackElo "2195"]
[PlyCount "63"]
[EventDate "1996.??.??"]

1. c4 Nf6 2. Nc3 e5 3. Nf3 Nc6 4. g3 d5 5. cxd5 Nxd5 6. Bg2 Nb6 7. O-O Be6 8.
d3 Be7 9. a3 Qd7 10. b4 a6 11. Be3 f6 12. Rc1 g5 13. Ne4 h5 14. Bc5 h4 15. Bxe7
Qxe7 16. Nc5 O-O-O 17. Qc2 hxg3 18. fxg3 Bh3 19. Nxb7 Nd4 20. Nxd4 Bxg2 21.
Kxg2 Nd5 22. Qc6 Ne3+ 23. Kg1 Qh7 24. Rf2 Rxd4 25. Nc5 Kd8 26. Ne6+ Kc8 27.
Qxa6+ Kb8 28. Nxd4 exd4 29. Rc5 c6 30. Rxc6 Qa7 31. Qb5+ Ka8 32. Ra6 1-0

[Event "Goetzis IM III B"]
[Site "?"]
[Date "1996.??.??"]
[Round "1"]
[White "Thoma, R."]
[Black "Grigore, G."]
[Result "0-1"]
[WhiteElo "2280"]
[BlackElo "2460"]
[PlyCount "52"]
[EventDate "1996.??.??"]

1. Nf3 Nf6 2. b3 g6 3. Bb2 Bg7 4. e3 O-O 5. d4 d6 6. Be2 Nbd7 7. O-O Re8 8. c4
c6 9. Nc3 e5 10. Re1 e4 11. Nd2 a6 12. b4 d5 13. a4 h5 14. b5 Bh6 15. Qb3 Nf8
16. Ba3 h4 17. Rab1 Qd7 18. bxc6 bxc6 19. a5 Qf5 20. Na4 Qg5 21. Kh1 Ng4 22.
Bxg4 Bxg4 23. Qb7 h3 24. g3 Qf5 25. Kg1 Ne6 26. Bd6 Nxd4 0-1

[Event "Goetzis IM III B"]
[Site "?"]
[Date "1996.??.??"]
[Round "1"]
[White "Zumtobel, T."]
[Black "Welsh, M."]
[Result "1/2-1/2"]
[WhiteElo "2125"]
[BlackElo "2155"]
[PlyCount "81"]
[EventDate "1996.??.??"]

1. e4 c5 2. Nc3 Nc6 3. g3 g6 4. Bg2 Bg7 5. d3 d6 6. f4 e6 7. Nf3 Nge7 8. Be3
O-O 9. O-O Nd4 10. Rb1 Bd7 11. Ne2 Nxf3+ 12. Bxf3 Rc8 13. c3 d5 14. e5 Qa5 15.
a3 Rfd8 16. b4 cxb4 17. axb4 Qc7 18. Bc5 Bb5 19. Nd4 Be8 20. Ra1 b6 21. Bd6 Qd7
22. Ra3 Nc6 23. Nxc6 Rxc6 24. c4 Rcc8 25. c5 Qb5 26. Qd2 a5 27. d4 axb4 28. Be2
Qc6 29. Qxb4 bxc5 30. dxc5 Bf8 31. Ra6 Qxc5+ 32. Qxc5 Rxc5 33. Bxc5 Bxc5+ 34.
Kg2 Rb8 35. Ra2 Be3 36. Rfa1 Bc6 37. Bf3 Rb6 38. Kh3 Kg7 39. Ra6 Rxa6 40. Rxa6
Bb5 41. Ra5 1/2-1/2

[Event "Goetzis IM III B"]
[Site "?"]
[Date "1996.??.??"]
[Round "2"]
[White "Grigore, G."]
[Black "Feher, G."]
[Result "1-0"]
[WhiteElo "2460"]
[BlackElo "2375"]
[PlyCount "45"]
[EventDate "1996.??.??"]

1. d4 Nf6 2. c4 g6 3. Nc3 d5 4. Bf4 Bg7 5. Nf3 O-O 6. e3 c5 7. dxc5 Qa5 8. Rc1
dxc4 9. Bxc4 Qxc5 10. Bb3 Qa5 11. O-O Nc6 12. h3 Qa6 13. e4 Rd8 14. Nd5 Nxd5
15. exd5 Bf5 16. d6 Bf6 17. Bc4 Qb6 18. Re1 exd6 19. Ng5 Ne5 20. Qd5 Bxg5 21.
Rxe5 Be6 22. Rxe6 Bxf4 23. Re8+ 1-0

[Event "Goetzis IM III B"]
[Site "?"]
[Date "1996.??.??"]
[Round "2"]
[White "Stanojevic, S."]
[Black "Ciolac, G."]
[Result "1/2-1/2"]
[WhiteElo "2195"]
[BlackElo "2405"]
[PlyCount "87"]
[EventDate "1996.??.??"]

1. e4 e5 2. Nf3 Nc6 3. Bb5 g6 4. d4 exd4 5. Nxd4 Bg7 6. Be3 Nf6 7. Nc3 O-O 8.
f3 Ne7 9. Qd2 c6 10. Bc4 d5 11. exd5 Nexd5 12. Nxd5 Nxd5 13. Bxd5 Qxd5 14. O-O
Re8 15. c3 c5 16. Nb3 Qxd2 17. Bxd2 b6 18. Rfe1 Rxe1+ 19. Rxe1 Be6 20. Kf2 Re8
21. Bf4 f5 22. Be5 Bxe5 23. Rxe5 Kf7 24. f4 Rd8 25. Re2 Bc4 26. Rd2 Rxd2+ 27.
Nxd2 Bxa2 28. b3 b5 29. c4 bxc4 30. bxc4 a5 31. Ke3 a4 32. Kd3 a3 33. Kc3 Ke6
34. Nb3 Kd6 35. Nc1 Bb1 36. Kb3 g5 37. g3 gxf4 38. gxf4 a2 39. Nxa2 Bd3 40. Nc3
Ke6 41. Na4 Kd6 42. Nc3 Ke6 43. Na4 Kd6 44. Nc3 1/2-1/2

[Event "Goetzis IM III B"]
[Site "?"]
[Date "1996.??.??"]
[Round "2"]
[White "Thoma, R."]
[Black "Zumtobel, T."]
[Result "1/2-1/2"]
[WhiteElo "2280"]
[BlackElo "2125"]
[PlyCount "24"]
[EventDate "1996.??.??"]

1. Nf3 Nf6 2. g3 g6 3. b4 Bg7 4. Bb2 d5 5. d3 O-O 6. Nbd2 Bg4 7. Bg2 c6 8. O-O
a5 9. a3 Na6 10. Rb1 axb4 11. axb4 Re8 12. Re1 Nc7 1/2-1/2

[Event "Goetzis IM III B"]
[Site "?"]
[Date "1996.??.??"]
[Round "2"]
[White "Welsh, M."]
[Black "Pilz, D."]
[Result "1/2-1/2"]
[WhiteElo "2155"]
[BlackElo "2245"]
[PlyCount "125"]
[EventDate "1996.??.??"]

1. e4 e5 2. Nf3 Nc6 3. d4 exd4 4. Nxd4 Bc5 5. Nxc6 bxc6 6. Bd3 Qh4 7. O-O Nf6
8. Qf3 O-O 9. Nc3 Bd6 10. g3 Qh3 11. Ne2 Ng4 12. Qh1 Rb8 13. b3 Bb7 14. Nf4
Bxf4 15. Bxf4 d6 16. Rfe1 c5 17. f3 Ne5 18. Bxe5 dxe5 19. Qg2 Qxg2+ 20. Kxg2
Rfd8 21. Rad1 Kf8 22. Kf2 Ke7 23. Bc4 f6 24. Ke2 Rd6 25. Rd3 Rbd8 26. Red1 Rd4
27. c3 Rxd3 28. Rxd3 Rd6 29. Ke3 h6 30. f4 Rxd3+ 31. Bxd3 Kd6 32. Bb5 Bc8 33.
f5 Bb7 34. Be2 Bc6 35. Bh5 Ke7 36. Be2 Kd6 37. Ba6 Be8 38. Bb7 Bb5 39. Bd5 Be8
40. Bb7 Bb5 41. Kd2 Be8 42. Kc2 Bh5 43. Kd3 Bf7 44. Ba6 Bh5 45. Bb5 Bf7 46. Kc2
g6 47. fxg6 Bxg6 48. Kd3 Bf7 49. Ke3 Be6 50. Be8 a5 51. Bb5 Bf7 52. Bc4 Bh5 53.
Bg8 Bg6 54. Kd3 c6 55. Ke3 f5 56. exf5 Bxf5 57. Bc4 Bb1 58. a3 Ba2 59. Bd3 Bxb3
60. c4 Bd1 61. h3 Bh5 62. g4 Bf7 63. h4 1/2-1/2

[Event "Goetzis IM III B"]
[Site "?"]
[Date "1996.??.??"]
[Round "3"]
[White "Ciolac, G."]
[Black "Dobosz, H."]
[Result "1-0"]
[WhiteElo "2405"]
[BlackElo "2375"]
[PlyCount "85"]
[EventDate "1996.??.??"]

1. e4 e6 2. d4 d5 3. exd5 exd5 4. Nf3 Nc6 5. h3 Nf6 6. Bb5 Bd7 7. O-O Be7 8.
Nc3 O-O 9. a3 Re8 10. Bg5 Ne4 11. Bxc6 Bxc6 12. Bxe7 Rxe7 13. Qd3 f6 14. Rfe1
Qd7 15. Re3 Rae8 16. Rae1 a6 17. Nh2 Bb5 18. Nxb5 axb5 19. Nf1 Nd6 20. Rxe7
Rxe7 21. Rxe7 Qxe7 22. Ne3 c6 23. Kf1 Qe6 24. c3 f5 25. Nc2 Nc4 26. b3 Qe4 27.
Qe2 Nd6 28. f3 Qxe2+ 29. Kxe2 Kf7 30. Ne1 Kf6 31. Nd3 g5 32. Nc5 Ke7 33. g3 h6
34. Ke3 Kf6 35. Ke2 Ke7 36. g4 Kf6 37. a4 bxa4 38. bxa4 fxg4 39. hxg4 Ke7 40.
a5 Kd8 41. Nxb7+ Kc7 42. Nxd6 Kxd6 43. f4 1-0

[Event "Goetzis IM III B"]
[Site "?"]
[Date "1996.??.??"]
[Round "3"]
[White "Feher, G."]
[Black "Stanojevic, S."]
[Result "1-0"]
[WhiteElo "2375"]
[BlackElo "2195"]
[PlyCount "43"]
[EventDate "1996.??.??"]

1. e4 c5 2. Nf3 d6 3. d4 cxd4 4. Nxd4 Nf6 5. Nc3 g6 6. Be3 Bg7 7. f3 O-O 8. Qd2
Nc6 9. Bc4 Bd7 10. O-O-O Qb8 11. h4 Rc8 12. Bb3 a5 13. h5 a4 14. Bd5 Nxd4 15.
Bxd4 e6 16. hxg6 exd5 17. Nxd5 Be6 18. Nxf6+ Kf8 19. Nd7+ Bxd7 20. Bxg7+ Kxg7
21. Rxh7+ Kf6 22. Qf4+ 1-0

[Event "Goetzis IM III B"]
[Site "?"]
[Date "1996.??.??"]
[Round "3"]
[White "Hardicsay, P."]
[Black "Welsh, M."]
[Result "1/2-1/2"]
[WhiteElo "2395"]
[BlackElo "2155"]
[PlyCount "38"]
[EventDate "1996.??.??"]

1. c4 Nf6 2. Nc3 g6 3. e4 d6 4. d4 Bg7 5. f3 O-O 6. Be3 e5 7. d5 c6 8. Bd3 cxd5
9. cxd5 Nh5 10. Nge2 f5 11. exf5 gxf5 12. Qd2 Nd7 13. O-O Nc5 14. Bc2 a5 15. a3
Bd7 16. b4 axb4 17. axb4 Na6 18. Rab1 Rc8 19. b5 Nc5 1/2-1/2

[Event "Goetzis IM III B"]
[Site "?"]
[Date "1996.??.??"]
[Round "3"]
[White "Pilz, D."]
[Black "Thoma, R."]
[Result "1/2-1/2"]
[WhiteElo "2245"]
[BlackElo "2280"]
[PlyCount "29"]
[EventDate "1996.??.??"]

1. c4 c5 2. Nc3 b6 3. e4 d6 4. g3 Bb7 5. Bg2 g6 6. Nge2 Bg7 7. O-O Nc6 8. d3
Nf6 9. h3 O-O 10. Bg5 a6 11. Qd2 Rb8 12. Nd5 Nxd5 13. exd5 Nd4 14. Nxd4 Bxd4
15. Rae1 1/2-1/2

[Event "Goetzis IM III B"]
[Site "?"]
[Date "1996.??.??"]
[Round "3"]
[White "Zumtobel, T."]
[Black "Grigore, G."]
[Result "0-1"]
[WhiteElo "2125"]
[BlackElo "2460"]
[PlyCount "80"]
[EventDate "1996.??.??"]

1. e4 c5 2. Nf3 Nc6 3. d4 cxd4 4. Nxd4 e5 5. Nb5 d6 6. c4 Be6 7. Be2 Be7 8. O-O
Nf6 9. N1c3 a6 10. Na3 Nd4 11. Be3 Nxe2+ 12. Qxe2 O-O 13. f3 Rc8 14. Rfd1 Qc7
15. Nd5 Nxd5 16. cxd5 Bd7 17. Rdc1 Qb8 18. Nc4 f5 19. Nb6 Rxc1+ 20. Rxc1 Qd8
21. Nxd7 Qxd7 22. Bb6 fxe4 23. fxe4 Bg5 24. Be3 Qb5 25. Qd2 Bxe3+ 26. Qxe3 Qxb2
27. a3 h6 28. h3 Kh7 29. Rf1 Rxf1+ 30. Kxf1 b5 31. Qf3 Qc1+ 32. Ke2 Qf4 33.
Qxf4 exf4 34. e5 Kg6 35. exd6 Kf7 36. Kd3 Ke8 37. Kd4 g5 38. h4 f3 39. gxf3
gxh4 40. f4 h3 0-1

[Event "Goetzis IM III B"]
[Site "?"]
[Date "1996.??.??"]
[Round "4"]
[White "Dobosz, H."]
[Black "Feher, G."]
[Result "1/2-1/2"]
[WhiteElo "2375"]
[BlackElo "2375"]
[PlyCount "98"]
[EventDate "1996.??.??"]

1. d4 Nf6 2. c4 g6 3. Nc3 d5 4. Nf3 Bg7 5. cxd5 Nxd5 6. Qb3 Nxc3 7. Qxc3 Nd7 8.
b4 b6 9. Qc6 Rb8 10. Bf4 Bb7 11. Qxc7 Qxc7 12. Bxc7 Rc8 13. Rc1 O-O 14. e3 Nf6
15. Kd1 Nd5 16. Bg3 Nc3+ 17. Kd2 Nxa2 18. Rxc8 Rxc8 19. b5 Nb4 20. Bd3 Nxd3 21.
Kxd3 a6 22. bxa6 Bxa6+ 23. Kd2 Bc4 24. Rb1 b5 25. Ne5 Bxe5 26. Bxe5 f6 27. Bg3
Ra8 28. Kc3 Kf7 29. e4 Ra3+ 30. Kb4 Ra2 31. h4 Re2 32. e5 fxe5 33. dxe5 Ke6 34.
Kc3 Kd5 35. Rb2 Re1 36. f3 Re3+ 37. Kb4 Kc6 38. Bf4 Re1 39. Bg3 Rg1 40. Bh2 Ra1
41. Bf4 Ra4+ 42. Kc3 Kc5 43. Bg5 Ra3+ 44. Kc2 Kd4 45. Bxe7 Rc3+ 46. Kd2 Rd3+
47. Ke1 Kxe5 48. Re2+ Kd5 49. Rd2 Rxd2 1/2-1/2

[Event "Goetzis IM III B"]
[Site "?"]
[Date "1996.??.??"]
[Round "4"]
[White "Grigore, G."]
[Black "Stanojevic, S."]
[Result "1-0"]
[WhiteElo "2460"]
[BlackElo "2195"]
[PlyCount "109"]
[EventDate "1996.??.??"]

1. d4 Nf6 2. c4 c5 3. d5 g6 4. Nc3 Bg7 5. e4 d6 6. h3 O-O 7. Bd3 e6 8. Bg5 exd5
9. cxd5 Nbd7 10. Nf3 a6 11. O-O b5 12. a3 Re8 13. Re1 Qb6 14. Qd2 Ne5 15. Nxe5
Rxe5 16. Bf4 Re8 17. b4 Nd7 18. Be3 Qc7 19. Rac1 Bb7 20. Ne2 c4 21. Bb1 a5 22.
Nc3 Ba6 23. Bd4 f6 24. f4 Reb8 25. h4 axb4 26. axb4 Bh6 27. g4 Ne5 28. Bxe5
fxe5 29. g5 Bf8 30. f5 Be7 31. Kg2 Qb6 32. Qe2 Rf8 33. f6 Bd8 34. h5 Ra7 35.
hxg6 hxg6 36. Rh1 Bxf6 37. gxf6 Rxf6 38. Rcf1 Raf7 39. Rxf6 Rxf6 40. Nd1 Bc8
41. Qe3 Qxe3 42. Nxe3 Rf7 43. Rf1 Rf4 44. Rf2 Rxf2+ 45. Kxf2 Kg7 46. Kg3 Kh6
47. Bc2 Bd7 48. Bd1 Kg7 49. Be2 Kf6 50. Nd1 Kg5 51. Nc3 Kf6 52. Bg4 Be8 53. Bc8
Ke7 54. Ba6 Kd8 55. Bxb5 1-0

[Event "Goetzis IM III B"]
[Site "?"]
[Date "1996.??.??"]
[Round "4"]
[White "Thoma, R."]
[Black "Hardicsay, P."]
[Result "1/2-1/2"]
[WhiteElo "2280"]
[BlackElo "2395"]
[PlyCount "33"]
[EventDate "1996.??.??"]

1. Nf3 d5 2. b3 Nf6 3. Bb2 Bf5 4. d3 h6 5. e3 Nbd7 6. c4 e6 7. Be2 Be7 8. O-O
O-O 9. Nbd2 Bh7 10. Qc2 c6 11. Rac1 a5 12. a3 Qb8 13. Rfd1 Rd8 14. cxd5 exd5
15. Nf1 Bd6 16. Ng3 Re8 17. Qc3 1/2-1/2

[Event "Goetzis IM III B"]
[Site "?"]
[Date "1996.??.??"]
[Round "4"]
[White "Welsh, M."]
[Black "Ciolac, G."]
[Result "1/2-1/2"]
[WhiteElo "2155"]
[BlackElo "2405"]
[PlyCount "41"]
[EventDate "1996.??.??"]

1. e4 e5 2. Nf3 Nc6 3. d4 exd4 4. Nxd4 Bb4+ 5. c3 Be7 6. Nxc6 bxc6 7. Be3 d6 8.
Nd2 Nf6 9. Be2 O-O 10. O-O Re8 11. Bf3 Ba6 12. Re1 Nd7 13. Qa4 Bb7 14. Rad1 Bf6
15. Be2 Nb6 16. Qc2 Qe7 17. Bd3 g6 18. Nb3 c5 19. Qd2 Qd8 20. f3 a5 21. Bb5
1/2-1/2

[Event "Goetzis IM III B"]
[Site "?"]
[Date "1996.??.??"]
[Round "4"]
[White "Zumtobel, T."]
[Black "Pilz, D."]
[Result "1/2-1/2"]
[WhiteElo "2125"]
[BlackElo "2245"]
[PlyCount "31"]
[EventDate "1996.??.??"]

1. e4 e5 2. Nf3 Nc6 3. Bc4 Nf6 4. d3 Be7 5. O-O O-O 6. c3 d6 7. Bb3 Bg4 8. Re1
Kh8 9. h3 Bc8 10. d4 Nd7 11. Ba4 Bf6 12. Be3 Nb6 13. Bxc6 bxc6 14. dxe5 dxe5
15. Na3 Qe8 16. Nd2 1/2-1/2

[Event "Goetzis IM III B"]
[Site "?"]
[Date "1996.??.??"]
[Round "5"]
[White "Ciolac, G."]
[Black "Thoma, R."]
[Result "1-0"]
[WhiteElo "2405"]
[BlackElo "2280"]
[PlyCount "81"]
[EventDate "1996.??.??"]

1. e4 d6 2. d4 Nf6 3. Bd3 e5 4. c3 Nc6 5. Nf3 g6 6. O-O Bg7 7. Re1 O-O 8. h3 a6
9. Nbd2 Nh5 10. Nb3 h6 11. Bf1 Re8 12. dxe5 dxe5 13. Qxd8 Rxd8 14. Be3 Bf8 15.
a4 Be6 16. Nc5 Bxc5 17. Bxc5 Nf6 18. b4 Nd7 19. Be3 Kg7 20. a5 Nf6 21. Nd2 Ne8
22. f3 Nd6 23. Kf2 Rd7 24. Rab1 Nb5 25. Rec1 Rad8 26. Rb2 f6 27. Ke1 Re8 28.
Nb3 Bxb3 29. Rxb3 Nd8 30. Rb2 Ne6 31. g3 c6 32. h4 Rd6 33. Rd2 Red8 34. Rxd6
Rxd6 35. Bh3 Nbc7 36. Rd1 Rxd1+ 37. Kxd1 Nd8 38. Bc8 Nce6 39. c4 g5 40. Bb6 Kf7
41. b5 1-0

[Event "Goetzis IM III B"]
[Site "?"]
[Date "1996.??.??"]
[Round "5"]
[White "Hardicsay, P."]
[Black "Zumtobel, T."]
[Result "1/2-1/2"]
[WhiteElo "2395"]
[BlackElo "2125"]
[PlyCount "28"]
[EventDate "1996.??.??"]

1. c4 Nf6 2. Nf3 g6 3. Nc3 Bg7 4. e4 d6 5. d4 O-O 6. Be2 e5 7. O-O Nc6 8. Be3
Re8 9. d5 Nd4 10. Nxd4 exd4 11. Bxd4 Nxe4 12. Bxg7 Kxg7 13. Rc1 Qf6 14. Bd3
Nxc3 1/2-1/2

[Event "Goetzis IM III B"]
[Site "?"]
[Date "1996.??.??"]
[Round "5"]
[White "Pilz, D."]
[Black "Grigore, G."]
[Result "0-1"]
[WhiteElo "2245"]
[BlackElo "2460"]
[PlyCount "82"]
[EventDate "1996.??.??"]

1. e4 c5 2. Nf3 Nc6 3. Bb5 d6 4. O-O Bd7 5. Re1 Nf6 6. d3 g6 7. Nc3 Bg7 8. h3
O-O 9. a4 a6 10. Bc4 e6 11. Bf4 Bc8 12. Bb3 b6 13. Qd2 Re8 14. Bg5 Qc7 15. Qf4
Nd7 16. Bh6 Nd4 17. Bxg7 Kxg7 18. Nxd4 cxd4 19. Ne2 Nc5 20. Ng3 f6 21. Qd2 Bd7
22. Ne2 e5 23. Bd5 Bc6 24. a5 Bxd5 25. exd5 b5 26. Ra3 b4 27. Qxb4 Reb8 28. Qc4
Rxb2 29. c3 Rc2 30. Ng3 Qb7 31. Ne4 Nxe4 32. dxe4 Qc8 33. Qxc8 Rxc8 34. cxd4
exd4 35. Rd3 Rc1 36. Rxc1 Rxc1+ 37. Kh2 Rc4 38. Kg3 Rc3 39. Rf3 g5 40. Kg4 Kg6
41. h4 h5+ 0-1

[Event "Goetzis IM III B"]
[Site "?"]
[Date "1996.??.??"]
[Round "6"]
[White "Pilz, D."]
[Black "Hardicsay, P."]
[Result "1/2-1/2"]
[WhiteElo "2245"]
[BlackElo "2395"]
[PlyCount "27"]
[EventDate "1996.??.??"]

1. Nf3 Nf6 2. b3 d6 3. Bb2 e5 4. d3 g6 5. g3 Bg7 6. Bg2 O-O 7. O-O Re8 8. Nbd2
Nc6 9. e4 a5 10. a4 h6 11. Re1 Nh7 12. Nc4 Ng5 13. Nxg5 Qxg5 14. Ne3 1/2-1/2

[Event "Goetzis IM III B"]
[Site "?"]
[Date "1996.??.??"]
[Round "6"]
[White "Zumtobel, T."]
[Black "Ciolac, G."]
[Result "0-1"]
[WhiteElo "2125"]
[BlackElo "2405"]
[PlyCount "79"]
[EventDate "1996.??.??"]

1. e4 e5 2. Nf3 Nc6 3. Bb5 a6 4. Bxc6 dxc6 5. O-O f6 6. d4 exd4 7. Nxd4 c5 8.
Nb3 Qxd1 9. Rxd1 Bg4 10. f3 Be6 11. Nc3 Bd6 12. Be3 b6 13. a4 Kf7 14. a5 c4 15.
Nd4 b5 16. f4 Re8 17. e5 fxe5 18. fxe5 Bxe5 19. Ne4 Bg4 20. Rf1+ Kg6 21. Nc5
Bc8 22. c3 Bd6 23. Nc2 Rxe3 24. Nxe3 Bxc5 25. Rae1 Nf6 26. Kh1 h5 27. Nc2 h4
28. Nd4 h3 29. g3 Bb7+ 30. Kg1 Rd8 31. Rf4 Bg2 32. Re6 c6 33. Kf2 Kf7 34. Re1
Bd6 35. Rh4 g5 36. Ne6 Bxg3+ 37. hxg3 Rd2+ 38. Ke3 Rd3+ 39. Kf2 gxh4 40. Ng5+
0-1

[Event "Goetzis IM III B"]
[Site "?"]
[Date "1996.??.??"]
[Round "7"]
[White "Ciolac, G."]
[Black "Pilz, D."]
[Result "1-0"]
[WhiteElo "2405"]
[BlackElo "2245"]
[PlyCount "89"]
[EventDate "1996.??.??"]

1. e4 c5 2. Ne2 d6 3. g3 g6 4. c3 Bg7 5. Bg2 Nf6 6. d4 cxd4 7. cxd4 O-O 8. O-O
Nc6 9. Nbc3 Bd7 10. h3 Rc8 11. Be3 b6 12. Rc1 Na5 13. b3 Bc6 14. d5 Bd7 15. Qd3
Ne8 16. Nd4 Nc7 17. b4 Bxd4 18. Qxd4 e5 19. Qd3 Nb7 20. f4 f6 21. a3 Qe8 22.
Rfd1 Nd8 23. f5 Nf7 24. g4 Kg7 25. Bf1 Qe7 26. Qd2 Rg8 27. Kh1 Kh8 28. Qf2 gxf5
29. gxf5 Rg7 30. Be2 Rcg8 31. Rg1 Ng5 32. Kh2 Ne8 33. h4 Nf7 34. Rxg7 Rxg7 35.
a4 Rg8 36. a5 bxa5 37. bxa5 Ng7 38. Bxa7 Nh6 39. Be3 Nhxf5 40. exf5 Nxf5 41.
Ne4 Nxe3 42. Qxe3 f5 43. Ng5 f4 44. Qa7 h6 45. Rc7 1-0

[Event "Goetzis IM III B"]
[Site "?"]
[Date "1996.??.??"]
[Round "7"]
[White "Dobosz, H."]
[Black "Welsh, M."]
[Result "1-0"]
[WhiteElo "2375"]
[BlackElo "2155"]
[PlyCount "79"]
[EventDate "1996.??.??"]

1. c4 Nf6 2. Nc3 g6 3. d4 Bg7 4. Bg5 O-O 5. e4 d6 6. h3 Na6 7. Nf3 Qe8 8. g4 c5
9. d5 h5 10. gxh5 Nxh5 11. Be2 f5 12. exf5 Bxf5 13. Nh4 Qf7 14. Be3 Nb4 15. Rc1
Bxc3+ 16. bxc3 Be4 17. Rg1 Nf4 18. cxb4 Nxh3 19. f3 Nxg1 20. Bxg1 Qf6 21. Ng2
Qg5 22. fxe4 Qxg2 23. Be3 cxb4 24. Qd3 b5 25. cxb5 Rac8 26. Rc6 Qh1+ 27. Kd2
Qa1 28. Qc4 Ra8 29. Bd4 Qb1 30. Qc2 Qh1 31. e5 Kh7 32. exd6 Qxd5 33. Qc4 Qxc4
34. Bxc4 exd6 35. Rc7+ Kh6 36. Bg7+ Kg5 37. Bxf8 Rxf8 38. Rxa7 Kf4 39. b6 Rb8
40. b7 1-0

[Event "Goetzis IM III B"]
[Site "?"]
[Date "1996.??.??"]
[Round "7"]
[White "Stanojevic, S."]
[Black "Thoma, R."]
[Result "0-1"]
[WhiteElo "2195"]
[BlackElo "2280"]
[PlyCount "114"]
[EventDate "1996.??.??"]

1. e4 Nc6 2. Bb5 d6 3. Nf3 a6 4. Bc4 Nf6 5. Nc3 Bg4 6. h3 Bxf3 7. Qxf3 Ne5 8.
Qe2 Nxc4 9. Qxc4 e6 10. O-O Be7 11. Qe2 c5 12. f4 Qc7 13. Qf3 Nd7 14. Ne2 Qc6
15. c3 h5 16. d4 Nf6 17. e5 Qxf3 18. Rxf3 Nd7 19. exd6 Bxd6 20. Be3 g6 21. Rd1
O-O-O 22. d5 exd5 23. Rxd5 Nb6 24. Rd1 Rhe8 25. Kf2 Rd7 26. b3 Bxf4 27. Rxd7
Bxe3+ 28. Rxe3 Kxd7 29. Rd3+ Kc7 30. c4 Nc8 31. Nc3 Nd6 32. Kf3 Kc6 33. Rd5 b5
34. cxb5+ axb5 35. Rd2 b4 36. Na4 Nf5 37. Nb2 Nd4+ 38. Kf2 Re5 39. Nd3 Rf5+ 40.
Ke3 Ne6 41. a3 bxa3 42. Ra2 Rg5 43. Kf2 Rd5 44. Ke3 Nd4 45. Ke4 Nb5 46. Ne5+
Kd6 47. Nc4+ Ke6 48. Ke3 Rd8 49. Ra1 h4 50. Nxa3 Ra8 51. Nc2 Rxa1 52. Nxa1 Nd4
53. Ke4 f5+ 54. Kf4 Kf6 55. g4 g5+ 56. Ke3 fxg4 57. hxg4 Ke5 0-1